000 01242nam0a22002651 4500
001 rc\1050152
005 20250622092417.0
035 _a(NLR Aleph) 006211675
090 _a6375115
_c6375115
100 _a20041129d1981 |||y0rusy50 ca
101 0 _arus
102 _aRU
105 _aa z||||||||
200 1 _aФизиология, патология и экспериментальная терапия болезней сердечно-сосудистой системы
_e[Сб. статей]
_fАН ЛатвССР, Отд-ние хим. и биол. наук, М-во здравоохранения ЛатвССР
_g[Науч. ред. Я.В. Скардс]
210 _aРига
_cЗинатне
_d1981
215 _a221 с.
_cил.
_d22
225 1 _aСерия "Экспериментальная медицина"
_iМорфология. Физиология. Биохимия. Иммунология
_fредкол. сер.: А.Ф. Блюгер (отв. ред.) и др.
_v12
320 _aБиблиогр. в конце статей
702 1 _aСкардс
_bЯ. В.
_4340
801 0 _aRU
_bNLR
_gpsbo
801 1 _aRU
_bELAR
_2rusmarc
801 2 _aRU
_bNLR
_c20131216
_2rusmarc
852 _aNLR
_j82-5/3182
942 _cBOOK
980 _aNB